000
00203 a2200097 4500
001
807
100
_a
Everitt,W.C
245
_a
Communication engineering
260
_a
_b
Mcgrawhill
_c
090
_c
399
_d
399
942
_a
NUST-CAE
_c
M
_c
30255
999
_c
235880
_d
235880